<?xml version="1.0" encoding="UTF-8"?>
<collection xmlns="http://www.loc.gov/MARC21/slim">
 <record>
  <leader>00734nam a2200277   4500</leader>
  <controlfield tag="001">DLU020012930</controlfield>
  <controlfield tag="005">##6/1/2000</controlfield>
  <datafield tag="020" ind1="#" ind2="#">
   <subfield code="a">978-</subfield>
  </datafield>
  <datafield tag="041" ind1="#" ind2="#">
   <subfield code="a">vie</subfield>
  </datafield>
  <datafield tag="082" ind1="#" ind2="#">
   <subfield code="a">495.922 81</subfield>
   <subfield code="b">NG-L</subfield>
  </datafield>
  <datafield tag="090" ind1="#" ind2="#">
   <subfield code="a">495.922 81</subfield>
   <subfield code="b">NG-L</subfield>
  </datafield>
  <datafield tag="100" ind1="#" ind2="#">
   <subfield code="a">Nguyễn Thế Long</subfield>
  </datafield>
  <datafield tag="245" ind1="#" ind2="#">
   <subfield code="a">Từ điển chính tả so sánh :</subfield>
   <subfield code="b">Khoảng 8000 từ (Dùng cho các trường tiểu học, trung học) /</subfield>
   <subfield code="c">Nguyễn Thế Long, Trịnh Minh</subfield>
  </datafield>
  <datafield tag="260" ind1="#" ind2="#">
   <subfield code="a">Hà Nội :</subfield>
   <subfield code="b">Hà Nội ,</subfield>
   <subfield code="c">1996</subfield>
  </datafield>
  <datafield tag="300" ind1="#" ind2="#">
   <subfield code="a">420 tr.; </subfield>
   <subfield code="c">15 cm.</subfield>
  </datafield>
  <datafield tag="700" ind1="#" ind2="#">
   <subfield code="a">Trịnh Minh</subfield>
  </datafield>
  <datafield tag="992" ind1="#" ind2="#">
   <subfield code="a">20000</subfield>
  </datafield>
  <datafield tag="994" ind1="#" ind2="#">
   <subfield code="a">DLU</subfield>
  </datafield>
  <datafield tag="998" ind1="#" ind2="#">
   <subfield code="a">TK</subfield>
  </datafield>
  <datafield tag="900" ind1="#" ind2="#">
   <subfield code="a">False</subfield>
  </datafield>
  <datafield tag="911" ind1="#" ind2="#">
   <subfield code="a">Administrator</subfield>
  </datafield>
  <datafield tag="925" ind1="#" ind2="#">
   <subfield code="a">G</subfield>
  </datafield>
  <datafield tag="926" ind1="#" ind2="#">
   <subfield code="a">A</subfield>
  </datafield>
  <datafield tag="927" ind1="#" ind2="#">
   <subfield code="a">SH</subfield>
  </datafield>
  <datafield tag="980" ind1="#" ind2="#">
   <subfield code="a">Thư viện Trường Đại học Đà Lạt</subfield>
  </datafield>
 </record>
</collection>
